[Event "Olympiad Women 2018"]
[Site "Batumi GEO"]
[Date "2018.09.24"]
[Round "1.5"]
[Board "3"]
[White "Zhang, Jasmine Haomo"]
[Black "Karavade, Eesha"]
[Result "0-1"]
[WhiteTitle "WFM"]
[BlackTitle "IM"]
[WhiteElo "1899"]
[BlackElo "2374"]
[WhiteTeam "New Zealand"]
[BlackTeam "India"]
[WhiteFideId "4304632"]
[BlackFideId "5012600"]
[EventDate "2018.09.24"]

1. d4 Nf6 2. c4 e6 3. Nc3 Bb4 4. e3 O-O 5. Ne2 d5 6. cxd5 exd5 7. g3 c6 8. Bg2
Re8 9. Qc2 Nbd7 10. O-O Nf8 11. f3 Ne6 12. Rd1 Ba5 13. Kh1 h6 14. Na4 Rb8 15. a3
b5 16. Nc5 Nxc5 17. dxc5 Bc7 18. Nd4 Bd7 19. e4 Qe7 20. exd5 Nxd5 21. f4 Bg4 22.
Rf1 Qf6 23. Qf2 Rbd8 24. Nf3 Re7 25. h3 Bf5 26. Nd4 Be4 27. Rd1 Bxg2+ 28. Kxg2
Red7 29. Bd2 Nxf4+ 30. Bxf4 Bxf4 31. Qxf4 Qxf4 32. gxf4 Rxd4 33. Rxd4 Rxd4 34.
Kf3 a5 35. Rb1 a4 36. b3 Rd3+ 37. Kg2 Rxb3 0-1

[Event "Olympiad Women 2018"]
[Site "Batumi GEO"]
[Date "2018.09.24"]
[Round "1.30"]
[Board "3"]
[White "Yearwood, Shannon"]
[Black "Nadirjanova, Nodira"]
[Result "0-1"]
[WhiteTitle "CM"]
[BlackTitle "WIM"]
[WhiteElo "1608"]
[BlackElo "2167"]
[WhiteTeam "Trinidad & Tobago"]
[BlackTeam "Uzbekistan"]
[WhiteFideId "7702523"]
[BlackFideId "14201232"]
[EventDate "2018.09.24"]

1. e4 e6 2. d4 d5 3. exd5 exd5 4. c4 Nf6 5. Nc3 Bb4 6. Qb3 Nc6 7. Ne2 dxc4 8.
Qxc4 O-O 9. Bd2 Be6 10. Qd3 Re8 11. a3 Bf8 12. Be3 Ne5 13. Qc2 Nc4 14. Ng3 Nxe3
15. fxe3 c5 16. Bb5 Bd7 17. O-O Bxb5 18. Nxb5 a6 19. Nc3 cxd4 20. exd4 Qxd4+ 21.
Kh1 Rad8 22. Rad1 Qb6 23. Na4 Qe6 24. Rxd8 Rxd8 25. b4 Rc8 26. Qd3 Ng4 27. Ne4
Qxe4 28. Qd7 Qf4 29. Rxf4 Rc1+ 30. Rf1 Rxf1# 0-1

[Event "Olympiad Women 2018"]
[Site "Batumi GEO"]
[Date "2018.09.24"]
[Round "1.34"]
[Board "3"]
[White "Almaini, Aishah Sarhan"]
[Black "Nguyen, Thu Giang"]
[Result "1/2-1/2"]
[BlackTitle "WFM"]
[WhiteElo "1490"]
[BlackElo "2134"]
[WhiteTeam "United Arab Emirates"]
[BlackTeam "Australia"]
[WhiteFideId "9307214"]
[BlackFideId "12400980"]
[EventDate "2018.09.24"]

1. d4 Nf6 2. c4 e6 3. Nc3 Bb4 4. e3 O-O 5. Bd3 d5 6. Ne2 b6 7. a3 Bd6 8. e4 dxe4
9. Nxe4 Bb7 10. Bg5 Be7 11. Nxf6+ Bxf6 12. Bxf6 Qxf6 13. O-O Nc6 14. Be4 Rad8
15. Qd3 h6 16. Rad1 Rd7 17. Qe3 Rfd8 18. Bxc6 Bxc6 19. Rd2 Qg6 20. f3 Qg5 21.
Qc3 h5 22. Ng3 Qg6 23. Qe3 h4 24. Ne4 h3 25. g3 f5 26. Ng5 e5 27. d5 f4 28. gxf4
exf4 29. Qe6+ Qxe6 30. Nxe6 Re8 31. Nxf4 Ba4 32. Nxh3 Bb3 33. Rc1 Rf7 34. Rd3
Ba4 35. Ng5 Rf5 36. Ne4 Ref8 37. Kg2 Be8 38. b4 Bg6 1/2-1/2

[Event "Olympiad Women 2018"]
[Site "Batumi GEO"]
[Date "2018.09.24"]
[Round "1.42"]
[Board "1"]
[White "Ndirangu, Nyaruai, Joyce"]
[Black "Olde, Margareth"]
[Result "0-1"]
[WhiteTitle "WCM"]
[BlackTitle "WFM"]
[WhiteElo "1673"]
[BlackElo "2158"]
[WhiteTeam "Kenya"]
[BlackTeam "Estonia"]
[WhiteFideId "10802886"]
[BlackFideId "4503082"]
[EventDate "2018.09.24"]

1. d4 d5 2. Bf4 Nf6 3. e3 c5 4. c3 e6 5. Nd2 Bd6 6. Ngf3 O-O 7. Be2 b6 8. O-O
Bb7 9. Ne5 Qc7 10. Bg3 Ne4 11. Nxe4 dxe4 12. Rc1 f6 13. Nc4 Bxg3 14. hxg3 Rd8
15. Qc2 Nd7 16. Rfd1 Rac8 17. Nd2 cxd4 18. exd4 e3 19. Nf3 exf2+ 20. Kxf2 f5 21.
Rh1 Nf6 22. Ne5 Rxd4 23. Nd3 Ne4+ 24. Kg1 Qxg3 25. Rh3 Qc7 26. Qb3 Rd6 27. Qd1
Ba6 28. Qe1 Bxd3 29. Bxd3 Qc5+ 30. Kf1 Rcd8 31. Bxe4 fxe4 32. Qxe4 Qf5+ 33. Qxf5
exf5 34. Re1 Rd1 35. Re3 Rxe1+ 36. Kxe1 Kf7 37. Rh3 h6 38. Rh4 Rd6 39. Rc4 Kf6
40. Rc7 Re6+ 41. Kf2 Re7 42. Rc6+ Ke5 43. b3 h5 44. Rg6 h4 45. Kf3 Rd7 46. Ke2
b5 47. Ke3 f4+ 48. Ke2 Kf5 49. Rc6 Re7+ 50. Kf2 g5 51. Rc5+ Re5 52. Rc7 a5 53.
Ra7 g4 54. Rxa5 g3+ 55. Kf1 h3 56. gxh3 f3 57. c4 Kf4 58. Rxb5 g2+ 0-1

[Event "Olympiad Women 2018"]
[Site "Batumi GEO"]
[Date "2018.09.25"]
[Round "2.4"]
[Board "1"]
[White "Mammadzada, Gunay"]
[Black "Goossens, Hanne"]
[Result "1-0"]
[WhiteTitle "IM"]
[BlackTitle "WFM"]
[WhiteElo "2438"]
[BlackElo "2220"]
[WhiteTeam "Azerbaijan"]
[BlackTeam "Belgium"]
[WhiteFideId "13403729"]
[BlackFideId "200468"]
[EventDate "2018.09.24"]

1. e4 c5 2. Nf3 d6 3. d4 cxd4 4. Nxd4 Nf6 5. Nc3 a6 6. Be3 e6 7. f3 b5 8. Qd2 b4
9. Nd1 Be7 10. Bd3 O-O 11. Nf2 Qc7 12. Qxb4 e5 13. Nb3 Nc6 14. Qd2 a5 15. O-O
Be6 16. f4 a4 17. fxe5 dxe5 18. Nc5 Bc8 19. Qc3 Nd4 20. Nxa4 Qa7 21. b3 Nf3+ 22.
gxf3 Qxe3 23. Qxe5 Bb4 24. Nb2 Re8 25. Nc4 Qxf3 26. Qg3 Qh5 27. e5 Ng4 28. Ne4
Nxe5 29. Nf6+ Kh8 30. Nxh5 Bc5+ 31. Rf2 Ng4 32. Rf1 g6 33. Nf6 Nxf6 34. Qg5 Bd4
35. c3 Bxf2+ 36. Rxf2 1-0

[Event "Olympiad Women 2018"]
[Site "Batumi GEO"]
[Date "2018.09.25"]
[Round "2.25"]
[Board "4"]
[White "Krumina, Linda"]
[Black "Nguyen, Thu Giang"]
[Result "1-0"]
[WhiteTitle "WFM"]
[BlackTitle "WFM"]
[WhiteElo "2081"]
[BlackElo "2134"]
[WhiteTeam "Latvia"]
[BlackTeam "Australia"]
[WhiteFideId "11601701"]
[BlackFideId "12400980"]
[EventDate "2018.09.24"]

1. d4 e6 2. c4 f5 3. Nc3 Nf6 4. Bg5 Bb4 5. e3 b6 6. Bd3 Bb7 7. f3 O-O 8. Ne2 Qe8
9. O-O Be7 10. Bf4 d6 11. Qd2 Nbd7 12. Nb5 Qd8 13. Bg3 Nh5 14. Nf4 Nxf4 15. exf4
Bf6 16. Bf2 g6 17. Rfe1 e5 18. c5 bxc5 19. dxe5 dxe5 20. Bc4+ Kh8 21. Rad1 Bc6
22. Qa5 Qc8 23. Be6 a6 24. Nc3 Re8 25. fxe5 Rxe6 26. exf6 Rxf6 27. Re7 Rd6 28.
Rde1 Qb7 29. Bxc5 Rd2 30. Be3 Rd3 31. Bh6 Qb6+ 32. Qxb6 Nxb6 33. Rxc7 Rd6 34.
Ree7 Nd5 35. Rxh7+ Kg8 36. Rcg7+ 1-0

[Event "Olympiad Women 2018"]
[Site "Batumi GEO"]
[Date "2018.09.25"]
[Round "2.35"]
[Board "1"]
[White "Aghabekian, Liana"]
[Black "Zatonskih, Anna"]
[Result "0-1"]
[WhiteTitle "WIM"]
[BlackTitle "IM"]
[WhiteElo "2188"]
[BlackElo "2431"]
[WhiteTeam "Luxembourg"]
[BlackTeam "United States of America"]
[WhiteFideId "13302540"]
[BlackFideId "14101572"]
[EventDate "2018.09.24"]

1. e4 e6 2. d3 d5 3. Nd2 Nf6 4. Ngf3 Nc6 5. c3 e5 6. g3 Be7 7. Bg2 O-O 8. O-O
Re8 9. Qc2 a5 10. Re1 Bd6 11. Nh4 Be6 12. Nf1 h6 13. Ne3 Bf8 14. exd5 Nxd5 15.
Nc4 Qf6 16. a4 Rad8 17. Nf3 Ndb4 18. cxb4 Nxb4 19. Qe2 Nxd3 20. Ncxe5 Bf5 21.
Bf4 g5 22. Bd2 g4 23. Nxg4 Bxg4 24. Qxe8 Rxe8 25. Rxe8 Bxf3 26. Bxf3 Qxf3 27.
Rf1 Qc6 28. Re3 Nxf2 29. Rxf2 Bc5 30. Rf4 Qb6 31. Re4 Qxb2 32. Bxa5 Qe2 0-1

[Event "Olympiad Women 2018"]
[Site "Batumi GEO"]
[Date "2018.09.25"]
[Round "2.39"]
[Board "3"]
[White "Gjergji, Rozana"]
[Black "Vega Jimenez, Keyshla M."]
[Result "1-0"]
[WhiteTitle "WCM"]
[BlackTitle "WCM"]
[WhiteElo "1924"]
[BlackElo "1683"]
[WhiteTeam "Albania"]
[BlackTeam "Puerto Rico"]
[WhiteFideId "4700147"]
[BlackFideId "3101851"]
[EventDate "2018.09.24"]

1. e4 c5 2. Nc3 e6 3. f4 d5 4. Nf3 Nc6 5. Bb5 Ne7 6. O-O a6 7. Bxc6+ bxc6 8. d3
Rb8 9. Qe1 Qc7 10. b3 g6 11. Na4 Qa7 12. Qc3 Rg8 13. Qxc5 Qb7 14. Ne5 Bd7 15.
Bb2 Nf5 16. Qf2 Nd6 17. Nc5 1-0

[Event "Olympiad Women 2018"]
[Site "Batumi GEO"]
[Date "2018.09.25"]
[Round "2.46"]
[Board "2"]
[White "Antonova, Nadezhda"]
[Black "Joshi, Sindira"]
[Result "1-0"]
[WhiteTitle "WFM"]
[WhiteElo "2038"]
[BlackElo "1584"]
[WhiteTeam "Tajikistan"]
[BlackTeam "Nepal"]
[WhiteFideId "14700182"]
[BlackFideId "12312754"]
[EventDate "2018.09.24"]

1. d4 Nf6 2. Nf3 e6 3. e3 b6 4. Nbd2 Bb7 5. Bd3 Nc6 6. c3 d6 7. O-O Be7 8. Re1
O-O 9. e4 e5 10. Nc4 exd4 11. cxd4 d5 12. exd5 Nxd5 13. Nce5 Re8 14. a3 Bf6 15.
Bb5 Nde7 16. Qa4 Bxe5 17. dxe5 a6 18. Bf1 Ng6 19. Bg5 Qd7 20. Rad1 Qe6 21. Bc4
Qf5 22. Bd3 Qe6 23. Qc2 h6 24. Bc4 Qg4 25. e6 Nce5 26. exf7+ Kh7 27. fxe8=Q
Nxf3+ 28. Kh1 Rxe8 29. Rxe8 hxg5 30. Bd5 Bxd5 31. Rxd5 Nh4 32. f3 Qh5 33. Rdd8
g4 34. Rh8# 1-0

[Event "Olympiad Women 2018"]
[Site "Batumi GEO"]
[Date "2018.09.25"]
[Round "2.57"]
[Board "3"]
[White "Malillo, Phera"]
[Black "Qin, Nicole Shu Yu"]
[Result "0-1"]
[BlackTitle "WCM"]
[WhiteElo "1350"]
[BlackElo "1790"]
[WhiteTeam "Lesotho"]
[BlackTeam "New Zealand"]
[WhiteFideId "21300763"]
[BlackFideId "4304306"]
[EventDate "2018.09.24"]

1. e4 e6 2. d4 d5 3. Nc3 Bb4 4. Bd3 c5 5. Bb5+ Nc6 6. Bxc6+ bxc6 7. e5 Ne7 8.
Ne2 Qc7 9. O-O Ba6 10. f4 cxd4 11. Na4 c5 12. Rf2 Nf5 13. a3 Ba5 14. Nxc5 Bxe2
15. Qxe2 Qxc5 16. b4 Bxb4 17. axb4 Qxb4 18. Bd2 Qb7 19. Rd1 O-O 20. Qd3 Qb6 21.
g4 Ne7 22. f5 f6 23. exf6 Rxf6 24. Bg5 Rf7 25. Bxe7 Rxe7 26. fxe6 Qxe6 27. Qxd4
Rd8 28. c4 Red7 29. Rc1 Rc8 30. Rd2 a5 31. Rc3 Rf8 32. Re3 Qa6 33. Re1 Rfd8 34.
Rf2 Qxc4 35. Qxc4 dxc4 36. Ra2 Rd1 37. Rxd1 Rxd1+ 38. Kf2 c3 39. Rc2 Rd2+ 40.
Rxd2 cxd2 41. Ke2 Kf7 42. Kxd2 Kf6 0-1

[Event "Olympiad Women 2018"]
[Site "Batumi GEO"]
[Date "2018.09.26"]
[Round "3.2"]
[Board "2"]
[White "Mamedjarova, Zeinab"]
[Black "Kalaiyalahan, Akshaya"]
[Result "1-0"]
[WhiteTitle "WGM"]
[BlackTitle "FM"]
[WhiteElo "2358"]
[BlackElo "2253"]
[WhiteTeam "Azerbaijan"]
[BlackTeam "England"]
[WhiteFideId "13401521"]
[BlackFideId "422894"]
[EventDate "2018.09.24"]

1. d4 Nf6 2. Bg5 d5 3. e3 c5 4. c3 Ne4 5. Bf4 Qb6 6. Qc1 Nc6 7. Nd2 Nxd2 8. Qxd2
cxd4 9. exd4 Bf5 10. Nf3 h6 11. Bd3 Bxd3 12. Qxd3 e6 13. O-O Be7 14. Rfe1 O-O
15. Re2 Qd8 16. Rae1 Bd6 17. Bd2 Rb8 18. b3 b5 19. h4 Be7 20. g3 Bf6 21. Kg2 b4
22. cxb4 Nxb4 23. Qb1 Qb6 24. Be3 Qb5 25. Rd2 Rfc8 26. g4 Bd8 27. g5 h5 28. Ne5
Nc6 29. Nd7 Rb7 30. Nc5 Re7 31. g6 Ba5 32. gxf7+ Kxf7 33. b4 Qxb4 34. Qh7 Qb6
35. Rb1 Qxb1 36. Qxb1 Bxd2 37. Bxd2 Nxd4 38. Nd3 e5 39. Nxe5+ Kg8 40. Qd3 Rxe5
41. Qxd4 Rce8 42. Bc3 R5e7 43. Qxd5+ Rf7 44. Qxh5 Ref8 45. Bd4 Rc8 46. Qd5 Rc7
47. h5 Rd7 48. Qa8+ Kh7 49. Qe4+ Kg8 50. f4 Rde7 51. Be5 Re6 52. Kf3 Rfe7 53.
Qd5 Kh7 54. a4 Re8 55. Bd4 R6e7 56. Qf5+ Kg8 57. h6 gxh6 58. Qg6+ Kf8 59. Bc5 1-0

[Event "Olympiad Women 2018"]
[Site "Batumi GEO"]
[Date "2018.09.26"]
[Round "3.14"]
[Board "3"]
[White "Krivec, Jana"]
[Black "Paulet, Iozefina"]
[Result "1-0"]
[WhiteTitle "WGM"]
[BlackTitle "WGM"]
[WhiteElo "2185"]
[BlackElo "2275"]
[WhiteTeam "Slovenia"]
[BlackTeam "Netherlands"]
[WhiteFideId "14601982"]
[BlackFideId "1213261"]
[EventDate "2018.09.24"]

1. e4 e6 2. d4 d5 3. Nc3 Nf6 4. Bg5 Bb4 5. e5 h6 6. Bc1 Ne4 7. Qg4 g6 8. Ne2 c5
9. a3 Bxc3+ 10. Nxc3 Nxc3 11. bxc3 Qc7 12. Bd2 Bd7 13. Bd3 Ba4 14. Ra2 Nc6 15.
O-O c4 16. Be2 O-O-O 17. f4 Ne7 18. Rb1 Nf5 19. Rb4 b5 20. g3 Qb6 21. Qf3 Bb3
22. cxb3 a5 23. g4 Ne7 24. bxc4 axb4 25. c5 Qb7 26. cxb4 Nc6 27. Bc3 Kc7 28. Qf1
Rb8 29. a4 Na7 30. axb5 Nxb5 31. Bb2 Kc8 32. Kg2 Nc7 33. Bc3 Ra8 34. Rxa8+ Qxa8
35. b5 Qa3 36. Be1 Qb2 37. Bf2 Kb7 38. b6 Ne8 39. Ba6+ Kc6 40. Qd1 Qa3 41. Be2
Nc7 42. bxc7 Kxc7 43. Qd3 Qxd3 44. Bxd3 h5 45. f5 gxf5 46. gxf5 Rg8+ 47. Kh3 Rg4
48. f6 Kc6 49. Be2 Rf4 50. Kg3 Rf5 51. Be3 Kc7 52. h4 1-0

[Event "Olympiad Women 2018"]
[Site "Batumi GEO"]
[Date "2018.09.26"]
[Round "3.17"]
[Board "1"]
[White "Paehtz, Elisabeth"]
[Black "Shvayger, Yuliya"]
[Result "1/2-1/2"]
[WhiteTitle "IM"]
[BlackTitle "IM"]
[WhiteElo "2513"]
[BlackElo "2375"]
[WhiteTeam "Germany"]
[BlackTeam "Israel"]
[WhiteFideId "4641833"]
[BlackFideId "14100126"]
[EventDate "2018.09.24"]

1. d4 Nf6 2. c4 e6 3. Nc3 Bb4 4. e3 O-O 5. Ne2 d5 6. a3 Bd6 7. Ng3 b6 8. cxd5
exd5 9. Bd3 Re8 10. O-O Bb7 11. b4 a6 12. Qc2 Nbd7 13. Rb1 Ra7 14. b5 c5 15.
bxc6 Bxc6 16. a4 g6 17. Qb3 h5 18. f3 Qb8 19. f4 Kg7 20. Bd2 Qd8 21. Nh1 Ra8 22.
Nf2 Bb7 23. Be2 Qe7 24. Nd3 a5 25. Bc1 Rab8 26. Ne5 Bb4 27. Na2 Bd6 28. Bb5 Rec8
29. Bb2 Ba8 30. Rbc1 Nf8 31. Qd3 Ne4 32. Nc6 Bxc6 33. Bxc6 Qe6 34. Qb5 Nf6 35.
Rfe1 Kg8 36. Re2 Be7 37. e4 dxe4 38. d5 Qg4 39. Bxf6 Bxf6 40. Rxe4 Qf5 41. Rce1
Rd8 42. Nc1 Bc3 43. R1e2 1/2-1/2

[Event "Olympiad Women 2018"]
[Site "Batumi GEO"]
[Date "2018.09.26"]
[Round "3.29"]
[Board "1"]
[White "Rodriguez Arrieta, Maria Elena"]
[Black "Georgescu, Lena"]
[Result "1/2-1/2"]
[WhiteTitle "WIM"]
[BlackTitle "WFM"]
[WhiteElo "1943"]
[BlackElo "2195"]
[WhiteTeam "Costa Rica"]
[BlackTeam "Switzerland"]
[WhiteFideId "6502911"]
[BlackFideId "1331973"]
[EventDate "2018.09.24"]

1. e4 c5 2. Nf3 d6 3. Bb5+ Nd7 4. c3 Nf6 5. Qe2 a6 6. Ba4 e6 7. O-O Be7 8. d4 b5
9. Bc2 Bb7 10. Re1 Qc7 11. Bd3 O-O 12. Nbd2 e5 13. d5 c4 14. Bc2 Rfe8 15. Nf1
Bf8 16. Ng3 g6 17. h3 Nc5 18. Nh2 Bc8 19. Bg5 Be7 20. Bh6 Bd7 21. Ngf1 Nh5 22.
Qf3 Bf8 23. Bd2 Bg7 24. g4 Nf4 25. Bxf4 exf4 26. Qxf4 Na4 27. Rab1 Rab8 28. a3
a5 29. Nf3 Nc5 30. Ng3 b4 31. axb4 axb4 32. Qd2 bxc3 33. bxc3 Rxb1 34. Rxb1 Rb8
35. Ne2 Rxb1+ 36. Bxb1 Na4 37. Nfd4 Qb6 38. Ba2 Bb5 39. Bb1 Ba6 40. Bc2 Nc5 41.
Qc1 Nd3 1/2-1/2

[Event "Olympiad Women 2018"]
[Site "Batumi GEO"]
[Date "2018.09.26"]
[Round "3.32"]
[Board "2"]
[White "Stolarczyk, Anna"]
[Black "Teuschler, Barbara"]
[Result "0-1"]
[WhiteTitle "WCM"]
[BlackTitle "WFM"]
[WhiteElo "1984"]
[BlackElo "2172"]
[WhiteTeam "IBCA"]
[BlackTeam "Austria"]
[WhiteFideId "1126423"]
[BlackFideId "1602047"]
[EventDate "2018.09.24"]

1. d4 d5 2. c4 dxc4 3. Nc3 Nf6 4. e3 c5 5. Nf3 cxd4 6. Qxd4 Qxd4 7. Nxd4 a6 8.
Bxc4 e6 9. a3 b5 10. Be2 e5 11. Nf3 Nc6 12. b4 Bb7 13. Bb2 Bd6 14. Nd2 O-O-O 15.
O-O-O Rhe8 16. Bf3 Bf8 17. h3 Nd7 18. Bd5 f6 19. e4 Nb6 20. Ba2 Nd4 21. Rhe1 Kb8
22. Ne2 Na4 23. Bxd4 exd4 24. f3 Rc8+ 25. Kb1 Nc3+ 26. Kb2 Nxd1+ 27. Rxd1 f5 28.
Nxd4 fxe4 29. fxe4 Bd6 30. Bd5 Be5 31. Nf3 Bf6 32. Kb3 Rcd8 33. Nf5 Rxe4 34.
Bxb7 Rf4 35. Rxd8+ Bxd8 36. Nxg7 Kxb7 37. Ne6 Rf6 38. Nxd8+ Kc7 39. Ng5 Kxd8 40.
Nxh7 Rf2 41. g4 Rf3+ 42. Kb2 Rxh3 43. Nf6 Rg3 44. Ne4 Rxg4 45. Nc5 Rg6 46. Kb3
Kc7 47. Kc3 Rg3+ 48. Kb2 Kb6 49. Nb3 Rg2+ 50. Kb1 Kc6 51. Nc5 a5 52. Nd3 a4 53.
Nc1 Kd5 54. Na2 Kc4 55. Nc1 Kc3 56. Ka1 Rh2 57. Kb1 Rh1 58. Ka2 Kd2 0-1

[Event "Olympiad Women 2018"]
[Site "Batumi GEO"]
[Date "2018.09.26"]
[Round "3.32"]
[Board "3"]
[White "Froewis, Annika"]
[Black "Zarubinskaya, Irina"]
[Result "1-0"]
[WhiteTitle "WFM"]
[WhiteElo "2113"]
[BlackElo "1772"]
[WhiteTeam "Austria"]
[BlackTeam "IBCA"]
[WhiteFideId "1621432"]
[BlackFideId "14124440"]
[EventDate "2018.09.24"]

1. e4 c5 2. Nc3 Nc6 3. g3 d6 4. d3 Nf6 5. Bg2 e6 6. f4 Bd7 7. Nf3 Be7 8. O-O O-O
9. h3 Rb8 10. a4 a6 11. g4 Nd4 12. Ne2 Nxf3+ 13. Bxf3 Bc6 14. a5 e5 15. Ng3 exf4
16. Bxf4 Nd7 17. c3 Ne5 18. d4 cxd4 19. cxd4 Nxf3+ 20. Qxf3 b6 21. axb6 Qxb6 22.
Nf5 Rfe8 23. Rf2 Bf6 24. d5 Bd7 25. Nxd6 Bd4 26. Rf1 Qxb2 27. Be3 Bxe3 28. Qxe3
Rb3 29. Qf4 Qf6 30. Nxe8 Bxe8 31. Qxf6 gxf6 32. Kg2 Re3 33. Rxf6 a5 34. R1f4 a4
35. Ra6 a3 36. Ra8 Kf8 37. d6 Rd3 38. e5 Rd5 39. e6 Rd2+ 40. Kg3 1-0

[Event "Olympiad Women 2018"]
[Site "Batumi GEO"]
[Date "2018.09.26"]
[Round "3.35"]
[Board "1"]
[White "Maksimovic, Masa"]
[Black "Aseel, Odeh"]
[Result "1-0"]
[WhiteTitle "WFM"]
[BlackTitle "CM"]
[WhiteElo "2130"]
[BlackElo "1647"]
[WhiteTeam "Bosnia & Herzegovina"]
[BlackTeam "Jordan"]
[WhiteFideId "14408902"]
[BlackFideId "8105529"]
[EventDate "2018.09.24"]

1. e4 b6 2. d4 Bb7 3. f3 e6 4. Be3 Nf6 5. Nc3 Bb4 6. Ne2 Bxc3+ 7. Nxc3 d6 8. Qd2
Nbd7 9. O-O-O Qe7 10. Nb5 Qd8 11. Qc3 O-O 12. Qxc7 Qxc7 13. Nxc7 Rac8 14. Nb5 d5
15. Nd6 Rc7 16. Nxb7 Rxb7 17. Ba6 Rbb8 18. Bf4 Rbd8 19. Bc7 Rc8 20. Bd6 Rfd8 21.
Bxc8 Rxc8 22. exd5 Nxd5 23. Kb1 Ne3 24. Rd2 Nc4 25. Bf4 Nxd2+ 26. Bxd2 Nf6 27.
c3 Rd8 28. Bg5 Rd5 29. Bxf6 gxf6 30. Kc2 Kf8 31. Rd1 Ke7 32. c4 Rh5 33. h3 Kd6
34. Kc3 Kc6 35. Re1 Kd6 36. Re4 Rg5 37. Rg4 h5 38. Rxg5 fxg5 39. g3 f6 40. Kd3
f5 41. Ke3 e5 42. dxe5+ Kxe5 43. f4+ gxf4+ 44. gxf4+ Kd6 45. Kd4 h4 46. b4 a6
47. c5+ bxc5+ 48. bxc5+ Kc6 49. Kc4 a5 50. a4 Kd7 51. Kb5 Kc7 52. c6 Kc8 53.
Kxa5 Kc7 54. Kb5 Kc8 55. Kb6 Kb8 56. c7+ Kc8 57. a5 Kd7 58. Kb7 Ke7 59. c8=Q 1-0

[Event "Olympiad Women 2018"]
[Site "Batumi GEO"]
[Date "2018.09.26"]
[Round "3.37"]
[Board "1"]
[White "Arakhamia-Grant, Ketevan"]
[Black "Castillo Pena, Patricia Evarista"]
[Result "1-0"]
[WhiteTitle "GM"]
[WhiteElo "2345"]
[BlackElo "1810"]
[WhiteTeam "Scotland"]
[BlackTeam "Dominican Republic"]
[WhiteFideId "13600168"]
[BlackFideId "6412106"]
[EventDate "2018.09.24"]

1. e4 c5 2. Nf3 d6 3. Bb5+ Nd7 4. a4 Nf6 5. Nc3 a6 6. Bc4 g6 7. a5 Bg7 8. Bxf7+
Kxf7 9. Ng5+ Kg8 10. Ne6 Qe8 11. Nc7 Qf7 12. Nxa8 Ne5 13. O-O h5 14. Nb6 Bg4 15.
f3 Be6 16. d3 h4 17. h3 Rh5 18. Be3 g5 19. Nbd5 Ng6 20. Nxf6+ Bxf6 21. Ne2 Nf4
22. c3 Bg7 23. Qd2 Nxe2+ 24. Qxe2 Qg6 25. d4 d5 26. exd5 Bxd5 27. dxc5 g4 28.
fxg4 Re5 29. Qf2 Qe6 30. Rfe1 Re4 31. Bd4 Bh6 32. Rxe4 Qxe4 33. Re1 Qh7 34. Qf5
e6 35. Qxh7+ Kxh7 36. Bf6 Bf8 37. b4 Bh6 38. g5 Bg7 39. Bxg7 Kxg7 40. Kf2 Kg6
41. Re5 1-0

[Event "Olympiad Women 2018"]
[Site "Batumi GEO"]
[Date "2018.09.26"]
[Round "3.39"]
[Board "3"]
[White "Mariam, Essa"]
[Black "Malan, Lucia"]
[Result "1-0"]
[BlackTitle "WCM"]
[WhiteElo "1460"]
[BlackElo "1785"]
[WhiteTeam "United Arab Emirates"]
[BlackTeam "Uruguay"]
[WhiteFideId "9306480"]
[BlackFideId "3007570"]
[EventDate "2018.09.24"]

1. e4 c5 2. Nc3 d6 3. f4 Nc6 4. Bb5 Bd7 5. Bxc6 Bxc6 6. Nf3 Nf6 7. d3 e6 8. O-O
Be7 9. Qe1 O-O 10. h3 Qc7 11. g4 Nd7 12. Qg3 d5 13. Bd2 b5 14. Rae1 Rfe8 15. e5
Nb6 16. f5 d4 17. Ne4 Bxe4 18. Rxe4 Nd5 19. Bf4 Qa5 20. a3 Qa4 21. Re2 b4 22. f6
gxf6 23. exf6 Bxf6 24. Be5 Bxe5 25. Nxe5 f6 26. Qh4 Re7 27. Nc4 Qc6 28. axb4
cxb4 29. Rff2 a5 30. g5 Rg7 31. Rg2 fxg5 32. Rxg5 Ra7 33. Reg2 Qa4 34. Qxd4 Qa1+
35. Kh2 1-0

[Event "Olympiad Women 2018"]
[Site "Batumi GEO"]
[Date "2018.09.26"]
[Round "3.40"]
[Board "1"]
[White "Hoshino, Karen"]
[Black "Samaganova, Alexandra"]
[Result "0-1"]
[WhiteTitle "WFM"]
[WhiteElo "1945"]
[BlackElo "2024"]
[WhiteTeam "Japan"]
[BlackTeam "Kyrgyzstan"]
[WhiteFideId "2137984"]
[BlackFideId "13800221"]
[EventDate "2018.09.24"]

1. d4 Nf6 2. c4 e6 3. Nc3 Bb4 4. e3 b6 5. Ne2 Ne4 6. f3 Bxc3+ 7. bxc3 Nd6 8. Ng3
Ba6 9. Qa4 O-O 10. Bd3 f5 11. Ba3 Rf7 12. O-O-O Bb7 13. c5 Bc6 14. Qb3 Nb7 15.
c4 Na6 16. cxb6 axb6 17. Kb1 d5 18. cxd5 Bxd5 19. Qc3 c5 20. Bc4 Rd7 21. Bb2
cxd4 22. Qxd4 Be4+ 23. fxe4 Rxd4 24. Bxe6+ Kh8 25. Rxd4 Qe7 26. exf5 Nac5 27.
Nh5 Nxe6 28. fxe6 Qxe6 29. Nf4 Qxa2+ 30. Kc2 Rc8+ 31. Kd3 Nc5+ 32. Ke2 Qxb2+ 33.
Kf3 Rf8 34. Kg3 g5 35. Nh3 Qe2 36. Rhd1 Qxe3+ 37. Kg4 Ne4 38. R1d3 Rf4+ 39. Nxf4
Qxf4+ 40. Kh5 Qh4# 0-1

[Event "Olympiad Women 2018"]
[Site "Batumi GEO"]
[Date "2018.09.26"]
[Round "3.43"]
[Board "4"]
[White "Zaritovskaja, Margarita"]
[Black "Saba, Jamal Mohammed Abo ALQamachi"]
[Result "1-0"]
[WhiteElo "1731"]
[BlackElo "1515"]
[WhiteTeam "Sweden"]
[BlackTeam "Iraq"]
[WhiteFideId "14149249"]
[BlackFideId "4812964"]
[EventDate "2018.09.24"]

1. d4 Nf6 2. Nf3 g6 3. c4 Bg7 4. Nc3 O-O 5. Bg5 d6 6. e4 c5 7. d5 h6 8. Bd2 e5
9. Bd3 Nh5 10. Qc1 g5 11. O-O Nf4 12. Bc2 Qd7 13. Bd1 a6 14. a4 Qe7 15. Ne2 Kh7
16. Ng3 g4 17. Ne1 Qh4 18. Bxf4 exf4 19. Qxf4 Be5 20. Qd2 f5 21. exf5 Bxf5 22.
Bc2 Nd7 23. Nd3 Bd4 24. Nxf5 Rxf5 25. Nf4 Rf8 26. Bxf5+ Rxf5 27. Qd3 Qf6 28. Ne2
Ne5 29. Qc2 Kh8 30. Ng3 Rg5 31. Kh1 h5 32. Ne4 Qg6 33. Rac1 Rf5 34. Nxd6 Rf6 35.
Qxg6 Rxg6 36. Ne4 Nxc4 37. Rxc4 1-0